{"text_format":"3","workbook":"xlsx","n_sheets":1,"sheets":["t373"],"read":"whole","date_system":"1900"}

{"sheet":"t373","index":0,"n_rows":174,"n_cols":7,"rows_kept":174,"merged":[[0,0,0,6],[30,0,30,5],[43,0,43,5],[142,0,142,5]]}
["TABELA 373.1 - Estatísticas Agrícolas, Município de Nova Odessa, Estado de São Paulo, 2007/08."]
["ITEM","UNIDADE","N.DE UPAs","MÍNIMO","MÉDIO","MÁXIMO","TOTAL"]
["Distância à sede do município","km",144,{"v":1,"d":"1.0"},{"v":7.87,"d":"7.9"},{"v":45,"d":"45.0"},"-"]
["Área total","hectare",144,0.1,{"v":36.92,"d":"36.9"},{"v":759,"d":"759.0"},{"v":5316.08,"d":"5,316.1"}]
["Área com cultura perene","hectare",18,0.5,{"v":5.56,"d":"5.6"},{"v":57,"d":"57.0"},{"v":100,"d":"100.0"}]
["Área com cultura temporária","hectare",109,{"v":1,"d":"1.0"},{"v":28.95,"d":"29.0"},{"v":285,"d":"285.0"},{"v":3156,"d":"3,156.0"}]
["Área com pastagem","hectare",76,0.2,18.5,353.8,{"v":1405.9,"d":"1,405.9"}]
["Área com reflorestamento","hectare",19,0.3,{"v":5.32,"d":"5.3"},50.2,101.1]
["Área com vegetação natural","hectare",28,0.2,{"v":8.34,"d":"8.3"},{"v":141,"d":"141.0"},{"v":233.38,"d":"233.4"}]
["Área com vegetação de brejo e várzea","hectare",4,0.2,{"v":7.55,"d":"7.6"},{"v":16,"d":"16.0"},30.2]
["Área em descanso","hectare",5,1.3,16.5,61.6,82.5]
["Área complementar","hectare",118,0.1,{"v":1.75,"d":"1.8"},46.6,{"v":207,"d":"207.0"}]
["Área das UPAs com (0, 1] ha","hectare",4,0.1,{"v":0.53,"d":"0.5"},0.9,2.1]
["Área das UPAs com (1, 2] ha","hectare",4,1.5,{"v":1.75,"d":"1.8"},{"v":2,"d":"2.0"},{"v":7,"d":"7.0"}]
["Área das UPAs com (2, 5] ha","hectare",22,2.1,3.5,{"v":5,"d":"5.0"},76.9]
["Área das UPAs com (5, 10] ha","hectare",17,5.1,{"v":7.42,"d":"7.4"},{"v":10,"d":"10.0"},{"v":126.08,"d":"126.1"}]
["Área das UPAs com (10, 20] ha","hectare",35,10.5,{"v":14.91,"d":"14.9"},19.7,521.8]
["Área das UPAs com (20, 50] ha","hectare",41,20.6,{"v":30.04,"d":"30.0"},48.5,{"v":1231.6,"d":"1,231.6"}]
["Área das UPAs com (50, 100] ha","hectare",13,53.2,{"v":65.69,"d":"65.7"},87.1,{"v":854,"d":"854.0"}]
["Área das UPAs com (100, 200] ha","hectare",2,112.9,{"v":116.95,"d":"117.0"},{"v":121,"d":"121.0"},233.9]
["Área das UPAs com (200, 500] ha","hectare",5,208.7,{"v":300.74,"d":"300.7"},445.5,{"v":1503.7,"d":"1,503.7"}]
["Área das UPAs com (500, 1.000] ha","hectare",1,{"v":759,"d":"759.0"},{"v":759,"d":"759.0"},{"v":759,"d":"759.0"},{"v":759,"d":"759.0"}]
["Área das UPAs com (1.000, 2.000] ha","hectare","-","-","-","-","-"]
["Área das UPAs com (2.000, 5.000] ha","hectare","-","-","-","-","-"]
["Área das UPAs com (5.000, 10.000] ha","hectare","-","-","-","-","-"]
["Área das UPAs acima de 10.000 ha","hectare","-","-","-","-","-"]
["Familiares do proprietário que trabalham na UPA","unidade",86,{"v":1,"d":"1.0"},{"v":1.72,"d":"1.7"},{"v":10,"d":"10.0"},{"v":148,"d":"148.0"}]
["Trabalhadores permanentes","unidade",78,{"v":1,"d":"1.0"},{"v":5.01,"d":"5.0"},{"v":128,"d":"128.0"},{"v":391,"d":"391.0"}]
["Fonte: Secretaria de Agricultura e Abastecimento, CDRS/IEA, Projeto LUPA."]
[]
["TABELA 373.2 - Explorações Animais, Município de Nova Odessa, Estado de São Paulo, 2007/08."]
["ITEM","UNIDADE","N.DE UPAs","MÍNIMO","MÉDIO","MÁXIMO","TOTAL"]
["Bovinocultura de Corte","cabeças",7,{"v":3,"d":"3.0"},{"v":106.86,"d":"106.9"},{"v":300,"d":"300.0"},{"v":748,"d":"748.0"}]
["Bovinocultura Leiteira","cabeças",10,{"v":8,"d":"8.0"},172.7,{"v":750,"d":"750.0"},{"v":1727,"d":"1,727.0"}]
["Bovinocultura Mista","cabeças",42,{"v":4,"d":"4.0"},{"v":19.71,"d":"19.7"},{"v":130,"d":"130.0"},{"v":828,"d":"828.0"}]
["Bubalinocultura","cabeças",1,{"v":30,"d":"30.0"},{"v":30,"d":"30.0"},{"v":30,"d":"30.0"},{"v":30,"d":"30.0"}]
["Caprinocultura","cabeças",1,{"v":38,"d":"38.0"},{"v":38,"d":"38.0"},{"v":38,"d":"38.0"},{"v":38,"d":"38.0"}]
["Equinocultura","cabeças",16,{"v":1,"d":"1.0"},{"v":52.25,"d":"52.3"},{"v":350,"d":"350.0"},{"v":836,"d":"836.0"}]
["Ovinocultura","cabeças",1,{"v":600,"d":"600.0"},{"v":600,"d":"600.0"},{"v":600,"d":"600.0"},{"v":600,"d":"600.0"}]
["Piscicultura","m² tanques",1,{"v":1,"d":"1.0"},{"v":1,"d":"1.0"},{"v":1,"d":"1.0"},{"v":1,"d":"1.0"}]
["Suinocultura","cabeças",15,{"v":10,"d":"10.0"},{"v":72.13,"d":"72.1"},{"v":312,"d":"312.0"},{"v":1082,"d":"1,082.0"}]
["Fonte: Secretaria de Agricultura e Abastecimento, CDRS/IEA, Projeto LUPA."]
[]
["TABELA 373.3 -  Máquinas, Implementos e Benfeitorias, Município de Nova Odessa, Estado de São Paulo, 2007/08."]
["ITEM","UNIDADE","N.DE UPAs","MÍNIMO","MÉDIO","MÁXIMO","TOTAL"]
["Arado Comum (Bacia, Aiveca)","Unidade",6,{"v":1,"d":"1.0"},{"v":1.33,"d":"1.3"},{"v":3,"d":"3.0"},{"v":8,"d":"8.0"}]
["Arado Escarificador","Unidade",6,{"v":1,"d":"1.0"},{"v":1,"d":"1.0"},{"v":1,"d":"1.0"},{"v":6,"d":"6.0"}]
["Arado Subsolador","Unidade",10,{"v":1,"d":"1.0"},{"v":1,"d":"1.0"},{"v":1,"d":"1.0"},{"v":10,"d":"10.0"}]
["Batedeira de Cereais","Unidade",4,{"v":1,"d":"1.0"},{"v":1,"d":"1.0"},{"v":1,"d":"1.0"},{"v":4,"d":"4.0"}]
["Câmara Fria","Unidade",5,{"v":1,"d":"1.0"},1.8,{"v":3,"d":"3.0"},{"v":9,"d":"9.0"}]
["Carregadeira de Cana","Unidade",3,{"v":1,"d":"1.0"},{"v":1,"d":"1.0"},{"v":1,"d":"1.0"},{"v":3,"d":"3.0"}]
["Colhedeira Acoplada","Unidade",5,{"v":1,"d":"1.0"},{"v":1,"d":"1.0"},{"v":1,"d":"1.0"},{"v":5,"d":"5.0"}]
["Conj.Irrigação Convencional","Unidade",6,{"v":1,"d":"1.0"},{"v":1,"d":"1.0"},{"v":1,"d":"1.0"},{"v":6,"d":"6.0"}]
["Conj.Irrigação Pivot Central","Unidade",1,{"v":1,"d":"1.0"},{"v":1,"d":"1.0"},{"v":1,"d":"1.0"},{"v":1,"d":"1.0"}]
["Conj.Irrigação/Gotejamento/Microaspersão","Unidade",1,{"v":1,"d":"1.0"},{"v":1,"d":"1.0"},{"v":1,"d":"1.0"},{"v":1,"d":"1.0"}]
["Conjunto de Fenação","Unidade",2,{"v":1,"d":"1.0"},{"v":1,"d":"1.0"},{"v":1,"d":"1.0"},{"v":2,"d":"2.0"}]
["Desintegrador, Picador, Triturador","Unidade",49,{"v":1,"d":"1.0"},{"v":1.14,"d":"1.1"},{"v":3,"d":"3.0"},{"v":56,"d":"56.0"}]
["Distribuidor de Calcário","Unidade",4,{"v":1,"d":"1.0"},{"v":1,"d":"1.0"},{"v":1,"d":"1.0"},{"v":4,"d":"4.0"}]
["Ensiladeira","Unidade",9,{"v":1,"d":"1.0"},{"v":1.89,"d":"1.9"},{"v":4,"d":"4.0"},{"v":17,"d":"17.0"}]
["Grade Aradora (Tipo Romi)","Unidade",4,{"v":1,"d":"1.0"},{"v":1.75,"d":"1.8"},{"v":3,"d":"3.0"},{"v":7,"d":"7.0"}]
["Grade Niveladora","Unidade",6,{"v":1,"d":"1.0"},{"v":1.33,"d":"1.3"},{"v":3,"d":"3.0"},{"v":8,"d":"8.0"}]
["Microtrator","Unidade",3,{"v":1,"d":"1.0"},{"v":2.67,"d":"2.7"},{"v":5,"d":"5.0"},{"v":8,"d":"8.0"}]
["Misturador de Ração","Unidade",7,{"v":1,"d":"1.0"},{"v":1.14,"d":"1.1"},{"v":2,"d":"2.0"},{"v":8,"d":"8.0"}]
["Ordenhadeira Mecânica","Unidade",6,{"v":1,"d":"1.0"},{"v":1.33,"d":"1.3"},{"v":2,"d":"2.0"},{"v":8,"d":"8.0"}]
["Pulverizador Tratorizado","Unidade",28,{"v":1,"d":"1.0"},{"v":1.21,"d":"1.2"},{"v":3,"d":"3.0"},{"v":34,"d":"34.0"}]
["Resfriador de Leite, Tanque Expansão","Unidade",3,{"v":1,"d":"1.0"},{"v":1.33,"d":"1.3"},{"v":2,"d":"2.0"},{"v":4,"d":"4.0"}]
["Semeadeira/Adubadeira para Plantio Convencional","Unidade",3,{"v":1,"d":"1.0"},{"v":1,"d":"1.0"},{"v":1,"d":"1.0"},{"v":3,"d":"3.0"}]
["Semeadeira/Plantadeira Plantio Direto","Unidade",7,{"v":1,"d":"1.0"},{"v":1,"d":"1.0"},{"v":1,"d":"1.0"},{"v":7,"d":"7.0"}]
["Terraceador","Unidade",2,{"v":1,"d":"1.0"},{"v":1,"d":"1.0"},{"v":1,"d":"1.0"},{"v":2,"d":"2.0"}]
["Trator de Esteiras","Unidade",1,{"v":2,"d":"2.0"},{"v":2,"d":"2.0"},{"v":2,"d":"2.0"},{"v":2,"d":"2.0"}]
["Trator de Pneus","Unidade",67,{"v":1,"d":"1.0"},{"v":1.79,"d":"1.8"},{"v":10,"d":"10.0"},{"v":120,"d":"120.0"}]
["Açude/Represa","Unidade",34,{"v":1,"d":"1.0"},{"v":1.88,"d":"1.9"},{"v":20,"d":"20.0"},{"v":64,"d":"64.0"}]
["Almoxarifado/Oficina","Unidade",18,{"v":1,"d":"1.0"},{"v":1.11,"d":"1.1"},{"v":2,"d":"2.0"},{"v":20,"d":"20.0"}]
["Armazém para Grãos Ensacados","Sacas",10,{"v":1,"d":"1.0"},683.9,{"v":6000,"d":"6,000.0"},{"v":6839,"d":"6,839.0"}]
["Balança para Bovinos","Unidade",3,{"v":1,"d":"1.0"},{"v":1,"d":"1.0"},{"v":1,"d":"1.0"},{"v":3,"d":"3.0"}]
["Balança para Veículos","Unidade",2,{"v":1,"d":"1.0"},{"v":2,"d":"2.0"},{"v":3,"d":"3.0"},{"v":4,"d":"4.0"}]
["Barracão para Bicho da Seda/Sirgaria","Unidade",3,{"v":1,"d":"1.0"},{"v":1.33,"d":"1.3"},{"v":2,"d":"2.0"},{"v":4,"d":"4.0"}]
["Barracão para Granja/Avicultura","Unidade",6,{"v":1,"d":"1.0"},{"v":2.17,"d":"2.2"},{"v":5,"d":"5.0"},{"v":13,"d":"13.0"}]
["Barracão/Galpão/Garagem","Unidade",73,{"v":1,"d":"1.0"},{"v":1.41,"d":"1.4"},{"v":9,"d":"9.0"},{"v":103,"d":"103.0"}]
["Casa de Moradia Habitada","Unidade",110,{"v":1,"d":"1.0"},{"v":2.48,"d":"2.5"},{"v":40,"d":"40.0"},{"v":273,"d":"273.0"}]
["Casa de Moradia Total","Unidade",110,{"v":1,"d":"1.0"},{"v":3.31,"d":"3.3"},{"v":61,"d":"61.0"},{"v":364,"d":"364.0"}]
["Curral/Mangueira","Unidade",41,{"v":1,"d":"1.0"},{"v":1.12,"d":"1.1"},{"v":4,"d":"4.0"},{"v":46,"d":"46.0"}]
["Depósito/Tulha","Unidade",20,{"v":1,"d":"1.0"},1.2,{"v":2,"d":"2.0"},{"v":24,"d":"24.0"}]
["Estábulo","Unidade",27,{"v":1,"d":"1.0"},{"v":1.22,"d":"1.2"},{"v":3,"d":"3.0"},{"v":33,"d":"33.0"}]
["Estufa/Plasticultura","m²",1,{"v":2,"d":"2.0"},{"v":2,"d":"2.0"},{"v":2,"d":"2.0"},{"v":2,"d":"2.0"}]
["Fábrica de Ração","Unidade",5,{"v":1,"d":"1.0"},{"v":1,"d":"1.0"},{"v":1,"d":"1.0"},{"v":5,"d":"5.0"}]
["Instalações para Equinos","Unidade",9,{"v":1,"d":"1.0"},{"v":9.56,"d":"9.6"},{"v":32,"d":"32.0"},{"v":86,"d":"86.0"}]
["Pocilga","Unidade",13,{"v":1,"d":"1.0"},{"v":1.69,"d":"1.7"},{"v":5,"d":"5.0"},{"v":22,"d":"22.0"}]
["Poço Semi-Artesiano","Unidade",3,{"v":1,"d":"1.0"},{"v":1,"d":"1.0"},{"v":1,"d":"1.0"},{"v":3,"d":"3.0"}]
["Silo para Silagem","t",8,{"v":1,"d":"1.0"},{"v":430.13,"d":"430.1"},{"v":1500,"d":"1,500.0"},{"v":3441,"d":"3,441.0"}]
["Terreiro","m²",1,{"v":250,"d":"250.0"},{"v":250,"d":"250.0"},{"v":250,"d":"250.0"},{"v":250,"d":"250.0"}]
["Fonte: Secretaria de Agricultura e Abastecimento, CDRS/IEA, Projeto LUPA."]
[]
["TABELA 373.4 - Outras Estatísticas Agrícolas, Município de Nova Odessa, Estado de São Paulo, 2007/08."]
["ITEM","Número de UPAs",null,"Percentual"]
["Faz Parte de Associação de Produtores",76,null,{"v":52.77777777777778,"d":"52.8"}]
["Faz Parte de Cooperativa de Produtores",85,null,{"v":59.02777777777778,"d":"59.0"}]
["Faz Parte do Sindicato de Produtores",22,null,{"v":15.277777777777777,"d":"15.3"}]
["Não utiliza assistência técnica ",73,null,{"v":50.69444444444444,"d":"50.7"}]
["Utiliza somente assistência técnica governamental ",33,null,{"v":22.916666666666668,"d":"22.9"}]
["Utiliza somente assistência técnica privada ",36,null,{"v":25,"d":"25.0"}]
["Utiliza assistência técnica tanto governamental quanto privada",2,null,{"v":1.3888888888888888,"d":"1.4"}]
["Utiliza Crédito Rural",13,null,{"v":9.027777777777779,"d":"9.0"}]
["Utiliza Seguro Rural",1,null,{"v":0.6944444444444444,"d":"0.7"}]
["Utiliza Escrituração Agrícola",24,null,{"v":16.666666666666668,"d":"16.7"}]
["Acessa Internet p/ Fins na Agropecuária",7,null,{"v":4.861111111111112,"d":"4.9"}]
["Utiliza Computador nas Atividades Agropecuárias",12,null,{"v":8.333333333333334,"d":"8.3"}]
["Utiliza Energia Elétrica Para Uso na Atividade Agrícola",129,null,{"v":89.58333333333333,"d":"89.6"}]
["Realiza Análise de Solo, quando necessário",26,null,{"v":18.055555555555557,"d":"18.1"}]
["Utiliza Práticas de Conservação de Solo, quando necessário",98,null,{"v":68.05555555555556,"d":"68.1"}]
["Faz Adubação Mineral, quando necessário",44,null,{"v":30.555555555555554,"d":"30.6"}]
["Faz Adubação Orgânica, quando necessário",36,null,{"v":25,"d":"25.0"}]
["Faz Adubação Verde, quando necessário",21,null,{"v":14.583333333333334,"d":"14.6"}]
["Utiliza Manejo Integrado de Pragas (MIP)","-",null,"-"]
["Utiliza Hidroponia","-",null,"-"]
["Utiliza Plasticultura",3,null,{"v":2.0833333333333335,"d":"2.1"}]
["Utiliza Mudas Fiscalizadas",26,null,{"v":18.055555555555557,"d":"18.1"}]
["Utiliza Semente Melhorada",76,null,{"v":52.77777777777778,"d":"52.8"}]
["Faz Confinamento de Bovinos",4,null,{"v":2.7777777777777777,"d":"2.8"}]
["Utiliza Pastejo Intensivo",7,null,{"v":4.861111111111112,"d":"4.9"}]
["Faz Inseminação Artificial",6,null,{"v":4.166666666666667,"d":"4.2"}]
["Faz Mineralização do Rebanho",49,null,{"v":34.02777777777778,"d":"34.0"}]
["Faz Vermifugação do Rebanho",49,null,{"v":34.02777777777778,"d":"34.0"}]
["Possui Parceiros /Arrendatários na Exploração Animal",8,null,{"v":5.555555555555555,"d":"5.6"}]
["Esporte e lazer","-",null,"-"]
["Extração mineral","-",null,"-"]
["Hotel Fazenda, Pousada ou SPA","-",null,"-"]
["Pesque-pague",1,null,{"v":0.6944444444444444,"d":"0.7"}]
["Restaurante ou Lanchonete","-",null,"-"]
["Transformação artesanal","-",null,"-"]
["Turismo rural ou ecoturismo","-",null,"-"]
["Outras atividades econômicas rurais",1,null,{"v":0.6944444444444444,"d":"0.7"}]
["Agroindústria","-",null,"-"]
["Proprietário sem instrução ou com instrução incompleta",25,null,{"v":17.36111111111111,"d":"17.4"}]
["Proprietário com antigo primário completo",30,null,{"v":20.833333333333332,"d":"20.8"}]
["Proprietário com 1° grau (ou antigo ginasial) completo",21,null,{"v":14.583333333333334,"d":"14.6"}]
["Proprietário com 2° grau (ou antigo colegial) completo",33,null,{"v":22.916666666666664,"d":"22.9"}]
["Proprietário com curso superior completo ",26,null,{"v":18.055555555555557,"d":"18.1"}]
["Pessoa Jurídica",9,null,{"v":6.25,"d":"6.3"}]
["Proprietário residente na própria UPA ",39,null,{"v":27.083333333333336,"d":"27.1"}]
["Fonte: Secretaria de Agricultura e Abastecimento, CDRS/IEA, Projeto LUPA."]
[]
["TABELA 373.5 - Área Cultivada, Município de Nova Odessa, Estado de São Paulo, 2007/08."]
["CULTURA","N.DE UPAs","MÍNIMO","MÉDIO","MÁXIMO","TOTAL"]
["Cana-de-acucar",96,{"v":1,"d":"1.0"},{"v":29.31,"d":"29.3"},{"v":285,"d":"285.0"},{"v":2813.5,"d":"2,813.5"}]
["Braquiaria",50,0.2,{"v":19.79,"d":"19.8"},283.8,989.6]
["Outras gramineas para pastagem",10,0.5,{"v":25.55,"d":"25.6"},{"v":177,"d":"177.0"},255.5]
["Milho",21,0.5,{"v":7.27,"d":"7.3"},{"v":54,"d":"54.0"},152.7]
["Milho-silagem",1,{"v":150,"d":"150.0"},{"v":150,"d":"150.0"},{"v":150,"d":"150.0"},{"v":150,"d":"150.0"}]
["Eucalipto",18,0.3,{"v":5.49,"d":"5.5"},50.2,98.8]
["Outras frutiferas",2,8.5,{"v":32.75,"d":"32.8"},{"v":57,"d":"57.0"},65.5]
["Capim-napier (ou capim-elefante)",16,0.5,{"v":3.82,"d":"3.8"},{"v":10,"d":"10.0"},61.1]
["Gramas",7,0.2,{"v":8.53,"d":"8.5"},{"v":30,"d":"30.0"},59.7]
["Coloniao",1,{"v":40,"d":"40.0"},{"v":40,"d":"40.0"},{"v":40,"d":"40.0"},{"v":40,"d":"40.0"}]
["Laranja",12,0.5,{"v":1.58,"d":"1.6"},4.8,18.9]
["Tomate envarado",3,1.6,{"v":4.13,"d":"4.1"},{"v":6,"d":"6.0"},12.4]
["Painco",2,4.8,5.4,{"v":6,"d":"6.0"},10.8]
["Acerola (ou cereja-das-antilhas)",1,{"v":7,"d":"7.0"},{"v":7,"d":"7.0"},{"v":7,"d":"7.0"},{"v":7,"d":"7.0"}]
["Batata-inglesa (ou batata, ou batatinha)",1,{"v":5,"d":"5.0"},{"v":5,"d":"5.0"},{"v":5,"d":"5.0"},{"v":5,"d":"5.0"}]
["Sorgo",1,{"v":4,"d":"4.0"},{"v":4,"d":"4.0"},{"v":4,"d":"4.0"},{"v":4,"d":"4.0"}]
["Aveia",1,{"v":3,"d":"3.0"},{"v":3,"d":"3.0"},{"v":3,"d":"3.0"},{"v":3,"d":"3.0"}]
["Maracuja",1,2.5,2.5,2.5,2.5]
["Outras florestais",1,2.3,2.3,2.3,2.3]
["Manga",4,0.2,{"v":0.55,"d":"0.6"},{"v":1,"d":"1.0"},2.2]
["Tangerina",1,{"v":2,"d":"2.0"},{"v":2,"d":"2.0"},{"v":2,"d":"2.0"},{"v":2,"d":"2.0"}]
["Banana",2,0.3,{"v":0.65,"d":"0.7"},{"v":1,"d":"1.0"},1.3]
["Arroz",1,1.2,1.2,1.2,1.2]
["Pomar domestico",1,{"v":1,"d":"1.0"},{"v":1,"d":"1.0"},{"v":1,"d":"1.0"},{"v":1,"d":"1.0"}]
["Limao",1,{"v":1,"d":"1.0"},{"v":1,"d":"1.0"},{"v":1,"d":"1.0"},{"v":1,"d":"1.0"}]
["Cafe",1,0.8,0.8,0.8,0.8]
["Couve (ou couve-crespa)",1,0.5,0.5,0.5,0.5]
["Mandioca",1,0.4,0.4,0.4,0.4]
["Goiaba",1,0.3,0.3,0.3,0.3]
["Fonte: Secretaria de Agricultura e Abastecimento, CDRS/IEA, Projeto LUPA."]